Decision-Making of the Investment Portfolio Applying Intermarket Analysis

Príspevok sa zaoberá možnosťami aplikácie intermarketovej analýzy pre tvorbu investičného portfólia. Cieľom je analyzovať, ako sa prispôsobiť rôznym trhovým vzťahom s cieľom posúdiť príťažlivosť rôznych aktív a zohľadňovať ich na vytvorenie investičného portfólia.

Gespeichert in:
Bibliographische Detailangaben
1. Verfasser: Cibulskienė, Diana
Weitere Verfasser: Brazauskas, Martynas
Format: Buchkapitel
Sprache:Englisch
Schlagworte:
Tags: Tag hinzufügen
Keine Tags, Fügen Sie das erste Tag hinzu!

MARC

LEADER 00000nla a2200000 4500
001 0242955
005 20240417075138.4
041 0 |a eng 
044 |a CZ 
245 1 0 |a Decision-Making of the Investment Portfolio Applying Intermarket Analysis  |c Diana Cibulskienė, Martynas Brazauskas 
520 |a Príspevok sa zaoberá možnosťami aplikácie intermarketovej analýzy pre tvorbu investičného portfólia. Cieľom je analyzovať, ako sa prispôsobiť rôznym trhovým vzťahom s cieľom posúdiť príťažlivosť rôznych aktív a zohľadňovať ich na vytvorenie investičného portfólia. 
610 2 0 |a portfólio 
610 2 0 |a investovanie 
610 2 0 |a investície 
610 2 0 |a rozhodovanie 
610 2 0 |a rozhodovanie investičné 
610 2 0 |a trh finančný medzinárodný 
610 2 0 |a akcie 
610 2 0 |a komodity 
610 2 0 |a mena 
100 1 |a Cibulskienė, Diana 
700 1 |a Brazauskas, Martynas